000 00399pab a2200157 454500
008 180718b1998 xxu||||| |||| 00| 0 eng d
100 _aSurapa Raju, S.
245 _aLace-making and women: Andhra Pradesh study
260 _c1998
300 _ap.38-42
362 _aJul
650 _aWomen workers - India - Andhra Pradesh
650 _aWomen workers
773 _aKurukshetra
909 _a38624
999 _c38624
_d38624